[Event "Minsk"]
[Site "Minsk"]
[Date "1995.??.??"]
[Round "2"]
[White "Dydyshko, Viacheslav"]
[Black "Kochetkov, German"]
[Result "1-0"]
[WhiteElo "2495"]
[BlackElo "2465"]
[PlyCount "71"]
[EventDate "1995.??.??"]
[Source "ChessBase"]

1. d4 Nf6 2. c4 d6 3. Nf3 g6 4. Nc3 Bg7 5. Bg5 Nbd7 6. e3 O-O 7. Be2 h6 8. Bh4 e5 9. O-O g5 10. dxe5 dxe5 11. Bg3 Qe7 12. h4 g4 13. Nh2 Nh5 14. Bxg4 Nxg3 15. fxg3 e4 16. Nd5 Qd8 17. Qe2 c6 18. Nf4 Qb6 19. Rad1 Ne5 20. Bxc8 Raxc8 21. Nh5 Rcd8 22. Ng4 Rxd1 23. Rxd1 f5 24. Nxe5 Bxe5 25. b3 Qc5 26. Rd7 Rf7 27. Rd8+ Kh7 28. Qd2 Qe7 29. Qd1 Bc7 30. Rd7 Qe6 31. Rxf7+ Qxf7 32. Kf2 Bb6 33. Nf4 Qg7 34. Qd2 Bc7 35. Ne2 c5 36. Qd5 1-0

[Event "Esbjerg DEN"]
[Site "Esbjerg DEN"]
[Date "1979.??.??"]
[Round "?"]
[White "Hartston, William R"]
[Black "Mestel, Jonathan"]
[Result "0-1"]
[WhiteElo "2485"]
[BlackElo "2475"]
[PlyCount "76"]
[EventDate "1979.??.??"]
[Source "www.chesslib.no"]
[SourceDate "2004.05.04"]

1. Nf3 g6 2. d4 Bg7 3. c4 d6 4. Nc3 Nf6 5. Bg5 h6 6. Bh4 g5 7. Bg3 Nh5 8. e3 e6 9. Be2 Nd7 10. Qc2 O-O 11. d5 Nc5 12. Nd4 Nxg3 13. hxg3 a5 14. g4 a4 15. a3 c6 16. dxc6 bxc6 17. Nxc6 Qb6 18. Nb4 Bb7 19. O-O h5 20. gxh5 f5 21. Rad1 g4 22. Nb5 Rad8 23. Rd4 Bxd4 24. exd4 Ne4 25. Bd3 Rd7 26. Rc1 Qd8 27. c5 dxc5 28. dxc5 g3 29. fxg3 Qg5 30. Re1 Qxg3 31. Re2 Rh7 32. Bxe4 fxe4 33. Qc3 Qf4 34. Re3 Qf1+ 35. Kh2 Rxh5+ 36. Rh3 e3 37. c6 Qf4+ 38. Kg1 Rxh3 0-1

[Event "Open A"]
[Site "Zadar CRO"]
[Date "2007.12.19"]
[Round "6"]
[White "Jovanic, O."]
[Black "Saric, Iv"]
[Result "1-0"]
[WhiteElo "2492"]
[BlackElo "2466"]
[PlyCount "117"]
[EventDate "2007.12.16"]
[Source "www.chesslib.no"]
[SourceDate "2004.05.04"]

1. d4 Nf6 2. c4 g6 3. Nc3 Bg7 4. Nf3 d6 5. Bg5 h6 6. Bh4 c5 7. d5 Bf5 8. Nd2 g5 9. Bg3 Nh5 10. e4 Bg6 11. Be2 Nf4 12. Bxf4 gxf4 13. Qc2 h5 14. g3 fxg3 15. hxg3 e5 16. f4 exf4 17. gxf4 h4 18. O-O-O Nd7 19. Rdg1 Qf6 20. f5 Bh7 21. Rg4 O-O-O 22. Rgxh4 Bg8 23. Rxh8 Bxh8 24. Nf3 Ne5 25. Qd2 Bg7 26. Qg5 Nxf3 27. Qxf6 Bxf6 28. Bxf3 Kd7 29. Kc2 Ke7 30. a3 Rc8 31. Kd3 a6 32. Bd1 Be5 33. Kc2 Rb8 34. Be2 Rc8 35. Nd1 Rb8 36. Nf2 b5 37. cxb5 axb5 38. Rh3 f6 39. Nd3 Bf7 40. Nxe5 fxe5 41. Rh7 Kf6 42. Rh6+ Kg5 43. Rxd6 Kf4 44. Rf6 Rb7 45. Rc6 Kxe4 46. d6 Kxf5 47. Rxc5 Ke6 48. Rc7 Bg6+ 49. Kc3 b4+ 50. Kc4 Rb6 51. d7 Ke7 52. axb4 Rd6 53. Kc5 Rxd7 54. Kb6 Be4 55. b5 Kd6 56. Rxd7+ Kxd7 57. Ka7 Kd6 58. b4 Bf5 59. b6 1-0

[Event "Romanian Open"]
[Site "Predeal ROM"]
[Date "2007.08.14"]
[Round "4"]
[White "Jianu, V."]
[Black "Bogdan, D."]
[Result "1/2-1/2"]
[WhiteElo "2542"]
[BlackElo "2416"]
[PlyCount "35"]
[EventDate "2007.08.11"]
[Source "www.chesslib.no"]
[SourceDate "2004.05.04"]

1. d4 d6 2. Nf3 g6 3. c4 Bg7 4. Nc3 Nf6 5. Bg5 Nbd7 6. e3 O-O 7. Be2 h6 8. Bh4 Nh5 9. O-O f5 10. d5 Nc5 11. Rc1 a5 12. b3 g5 13. Bg3 Nf6 14. Nd2 c6 15. f4 Qb6 16. Bf2 Ng4 17. Nde4 Nf6 18. Nd2 1/2-1/2

[Event "Kecskemet"]
[Site "Kecskemet HUN"]
[Date "1989.??.??"]
[Round "?"]
[White "Lechtynsky, Jiri"]
[Black "Kovalev, Andrei"]
[Result "1-0"]
[WhiteElo "2450"]
[BlackElo "2505"]
[PlyCount "129"]
[EventDate "1989.07.??"]
[Source "www.chesslib.no"]
[SourceDate "2004.05.04"]

1. Nf3 d6 2. d4 Nf6 3. c4 g6 4. Nc3 Bg7 5. Bg5 O-O 6. e3 c5 7. Be2 h6 8. Bh4 cxd4 9. Nxd4 Nc6 10. O-O Bd7 11. Qd2 a6 12. Rfd1 Rb8 13. Rac1 b5 14. cxb5 Nxd4 15. exd4 g5 16. Bxg5 hxg5 17. bxa6 Qb6 18. Qxg5 Qxb2 19. Qa5 Qb6 20. Qxb6 Rxb6 21. Rb1 Rxb1 22. Rxb1 Bc6 23. Bb5 Ba8 24. Bd3 Nd5 25. Ne2 e5 26. dxe5 Bxe5 27. Ng3 Bd4 28. Nf5 Bc5 29. Rb3 Re8 30. h4 Nf6 31. Kf1 Bd5 32. Rb2 Nh5 33. Re2 Kf8 34. Rxe8+ Kxe8 35. g3 Bxa2 36. a7 Bd5 37. g4 Nf6 38. g5 Ne4 39. Ke2 Kd7 40. f3 Nc3+ 41. Kd2 Bb4 42. Ke3 Ba8 43. Kd4 Nd5 44. Be4 Bc5+ 45. Kc4 Ne3+ 46. Nxe3 Bxe3 47. Bxa8 Bxa7 48. Kd3 Ke7 49. h5 Bc5 50. Ke4 Ba3 51. Kf5 Bc1 52. Bd5 Bd2 53. h6 Kf8 54. f4 Bc3 55. Kg4 Bd2 56. f5 f6 57. h7 Kg7 58. g6 Kh8 59. Kf3 Be1 60. Ke4 Bd2 61. Kd4 Bc1 62. Kc4 Bd2 63. Kb5 Bc1 64. Kc6 Bd2 65. Kd7 1-0

[Event "Prague Chip"]
[Site "Prague"]
[Date "1992.??.??"]
[Round "12"]
[White "Vokac, Marek"]
[Black "Kindermann, Stefan"]
[Result "1/2-1/2"]
[WhiteElo "2450"]
[BlackElo "2505"]
[PlyCount "50"]
[EventDate "1992.01.??"]
[Source "ChessBase"]

1. d4 Nf6 2. c4 g6 3. Nc3 Bg7 4. Nf3 d6 5. Bg5 Nbd7 6. e3 h6 7. Bh4 g5 8. Bg3 Nh5 9. Be2 c6 10. Qc2 a6 11. Rd1 b5 12. Bxd6 exd6 13. Qe4+ Kf8 14. Qxc6 Rb8 15. Qxd6+ Qe7 16. Qxe7+ Kxe7 17. cxb5 axb5 18. Ne5 Bxe5 19. dxe5 Ng7 20. Nd5+ Kf8 21. h4 g4 22. Nf6 Ke7 23. Nd5+ Kf8 24. Nf6 Ke7 25. Nd5+ Kf8 1/2-1/2

[Event "Hoogeveen Essent op"]
[Site "Hoogeveen"]
[Date "2001.10.19"]
[Round "8"]
[White "Riazantsev, Alexander"]
[Black "Visser, Yge"]
[Result "1/2-1/2"]
[WhiteElo "2500"]
[BlackElo "2453"]
[PlyCount "87"]
[EventDate "2001.10.12"]
[Source "ChessBase"]
[SourceDate "2001.10.26"]

1. d4 Nf6 2. c4 g6 3. Nc3 Bg7 4. Nf3 d6 5. Bg5 c6 6. e3 Qa5 7. Bd3 Bg4 8. Bh4 c5 9. O-O Nc6 10. Be2 cxd4 11. Nxd4 Bxe2 12. Qxe2 O-O 13. Rfd1 Rfe8 14. Rac1 Rac8 15. h3 Ne5 16. b3 a6 17. Qd2 Red8 18. Rc2 Ned7 19. Rb1 h5 20. Rbc1 Kf8 21. Qe2 Rc7 22. f4 Rdc8 23. Na4 Qb4 24. Be1 Qa3 25. Bc3 Rxc4 26. bxc4 Qxa4 27. Nb3 Ne4 28. Bxg7+ Kxg7 29. Nd2 Ndc5 30. Nxe4 Nxe4 31. Qd3 Qc6 32. Qd5 h4 33. Qxc6 Rxc6 34. Kf1 f5 35. Ke2 Kf6 36. Kd1 Rb6 37. Ra1 Ke6 38. Kc1 Rc6 39. Rb1 Rc7 40. Rbb2 Kd7 41. Rb6 Kc8 42. Kd1 Rc5 43. Ke2 Ra5 44. Rb3 1/2-1/2

[Event "Czech Open GMA"]
[Site "Pardubice CEC"]
[Date "2007.07.26"]
[Round "7"]
[White "Pozin, S."]
[Black "Bosiocic, Mari"]
[Result "0-1"]
[WhiteElo "2450"]
[BlackElo "2496"]
[PlyCount "66"]
[EventDate "2007.07.20"]
[Source "www.chesslib.no"]
[SourceDate "2004.05.04"]

1. d4 Nf6 2. Nf3 g6 3. c4 Bg7 4. Nc3 d6 5. Bg5 h6 6. Bh4 g5 7. Bg3 Nh5 8. e3 Nxg3 9. hxg3 c5 10. d5 Qa5 11. Qc2 a6 12. Nd2 Nd7 13. Be2 Nf6 14. O-O Bd7 15. a4 h5 16. f4 gxf4 17. gxf4 Ng4 18. Rf3 O-O-O 19. Nde4 Rdf8 20. Bd3 Kb8 21. Ng5 Bh6 22. Bf5 Bxf5 23. Qxf5 Qb4 24. Nxf7 Rhg8 25. Qe6 Nxe3 26. Rxe3 Bxf4 27. Rf3 Qxb2 28. Ra2 Qc1+ 29. Kf2 Rxg2+ 30. Kxg2 Rg8+ 31. Kf2 Qg1+ 32. Ke2 Rg2+ 33. Kd3 Qd4# 0-1

[Event "Saint John op-1"]
[Site "Saint John"]
[Date "1988.??.??"]
[Round "?"]
[White "Inkiov, Ventzislav"]
[Black "Shirazi, Kamran G"]
[Result "1-0"]
[WhiteElo "2490"]
[BlackElo "2455"]
[PlyCount "111"]
[EventDate "1988.01.??"]
[Source "ChessBase"]

1. d4 Nf6 2. c4 d6 3. Nc3 g6 4. Nf3 Bg7 5. Bg5 O-O 6. e3 c5 7. Be2 h6 8. Bh4 cxd4 9. Nxd4 Nc6 10. O-O a6 11. Rc1 e5 12. Nb3 Be6 13. e4 Rc8 14. f3 Nd4 15. Nxd4 exd4 16. Nd5 Bxd5 17. exd5 Qb6 18. Bd3 Qxb2 19. f4 Qa3 20. Bxf6 Bxf6 21. Rf3 Rfe8 22. Bf5 Qxa2 23. Bxc8 Rxc8 24. Rb3 Re8 25. Ra1 Re1+ 26. Qxe1 Qxb3 27. Rb1 Qa4 28. Rxb7 d3 29. h4 Bxh4 30. Qxh4 d2 31. Qd8+ Kg7 32. Rb1 d1=Q+ 33. Rxd1 Qxd1+ 34. Kh2 Qh5+ 35. Kg3 Qe2 36. Qxd6 Qe1+ 37. Kf3 Qf1+ 38. Ke3 Qe1+ 39. Kd4 Qf2+ 40. Kc3 Qe1+ 41. Kb3 Qb1+ 42. Ka4 Qa1+ 43. Qa3 Qd4 44. Qc1 Kf8 45. Ka5 Ke7 46. Kxa6 Kd7 47. Qc2 Kc7 48. Qb3 Qa1+ 49. Kb5 h5 50. Qb4 Qf6 51. c5 Qf5 52. Qa5+ Kb8 53. Qd8+ Ka7 54. Kc6 Qb1 55. Qa5+ Kb8 56. Qb6+ 1-0

[Event "Groningen op"]
[Site "Groningen"]
[Date "1993.??.??"]
[Round "11"]
[White "Petkevich, Jusefs"]
[Black "Golubev, Mihail"]
[Result "1-0"]
[WhiteElo "2445"]
[BlackElo "2500"]
[PlyCount "79"]
[EventDate "1993.12.??"]
[Source "ChessBase"]

1. Nf3 Nf6 2. c4 d6 3. d4 g6 4. Nc3 Bg7 5. Bg5 h6 6. Bh4 g5 7. Bg3 Nh5 8. e3 e6 9. Be2 Qe7 10. Nd2 Nxg3 11. hxg3 Nc6 12. g4 Bd7 13. a3 O-O-O 14. b4 Rdf8 15. b5 Nd8 16. a4 c5 17. bxc6 Nxc6 18. a5 f5 19. a6 b6 20. Nb5 Kb8 21. Qb3 fxg4 22. Bxg4 h5 23. Be2 g4 24. Qa3 d5 25. c5 g3 26. f4 e5 27. fxe5 bxc5 28. Rb1 Nb4 29. Nd6 Ka8 30. Qc3 Ba4 31. Bf3 Qg5 32. Rxb4 cxb4 33. Bxd5+ Kb8 34. Qxb4+ Kc7 35. Qb7+ Kd8 36. Qc8+ Ke7 37. Qe6+ Kd8 38. Nb7+ Kc7 39. Qd6+ Kc8 40. Be6+ 1-0

[Event "CZE-chT 0102"]
[Site "?"]
[Date "2002.03.10"]
[Round "9"]
[White "Lechtynsky Jiri"]
[Black "Blehm Pawel"]
[Result "0-1"]
[WhiteElo "2409"]
[BlackElo "2535"]
[PlyCount "78"]
[EventDate "2002.??.??"]
[Source "www.chesslib.no"]
[SourceDate "2004.05.04"]

1. Nf3 Nf6 2. c4 g6 3. Nc3 Bg7 4. d4 d6 5. Bg5 h6 6. Bh4 g5 7. Bg3 Nh5 8. e3 e6 9. Qc2 Qe7 10. O-O-O Bd7 11. Bd3 Nc6 12. a3 Nxg3 13. hxg3 O-O-O 14. g4 Rdf8 15. Kb1 Kb8 16. Nd2 f5 17. gxf5 exf5 18. Nb3 Qf7 19. g3 Ne7 20. f4 g4 21. Bf1 Bc8 22. d5 h5 23. Nd4 Ng6 24. Qf2 Qe7 25. Bd3 h4 26. gxh4 Rxh4 27. Nce2 Rfh8 28. Rxh4 Nxh4 29. Rh1 a6 30. Ng3 Bxd4 31. exd4 Re8 32. Bc2 Nf3 33. Ba4 Bd7 34. Bxd7 Qxd7 35. Qc2 Nxd4 36. Qd3 Nf3 37. Nxf5 Ne1 38. Rxe1 Rxe1+ 39. Ka2 Qe8 0-1

[Event "ARG-ch Najdorf mem"]
[Site "Buenos Aires"]
[Date "1999.11.23"]
[Round "5"]
[White "Fiorito, Fabian"]
[Black "Sorin, Ariel"]
[Result "1-0"]
[WhiteElo "2440"]
[BlackElo "2501"]
[PlyCount "77"]
[EventDate "1999.11.19"]
[Source "ChessBase"]
[SourceDate "2000.02.01"]

1. d4 Nf6 2. Nf3 g6 3. c4 Bg7 4. Nc3 d6 5. Bg5 h6 6. Bf4 O-O 7. e3 c6 8. Be2 Bf5 9. O-O Ne4 10. Nxe4 Bxe4 11. Bd3 Bxd3 12. Qxd3 Nd7 13. Rfd1 Re8 14. Qe2 Qc7 15. e4 c5 16. d5 a6 17. a4 Rab8 18. Bg3 b5 19. axb5 axb5 20. cxb5 Qb6 21. e5 dxe5 22. Bxe5 Nxe5 23. Nxe5 Qxb5 24. Nc4 Ra8 25. h4 Bxb2 26. Rab1 Ra2 27. Qd3 Rb8 28. Rd2 Qa4 29. Rdxb2 Raxb2 30. Rxb2 Rxb2 31. Nxb2 Qxh4 32. Qc4 Qf6 33. Nd3 Qa1+ 34. Kh2 Qf1 35. Qc2 c4 36. Qxc4 Qe2 37. f3 Qd2 38. Qe4 Kf8 39. Ne5 1-0

[Event "JUG-ch"]
[Site "Novi Sad"]
[Date "1985.??.??"]
[Round "?"]
[White "Kovacevic, Vlatko"]
[Black "Damljanovic, Branko"]
[Result "1-0"]
[WhiteElo "2530"]
[BlackElo "2410"]
[PlyCount "69"]
[EventDate "1985.02.??"]
[Source "ChessBase"]

1. d4 Nf6 2. Nf3 d6 3. c4 g6 4. Nc3 Bg7 5. Bg5 h6 6. Bh4 g5 7. Bg3 Nh5 8. e3 Nd7 9. Qc2 c5 10. Rd1 Qa5 11. Be2 Ndf6 12. a3 O-O 13. dxc5 Qxc5 14. Nd5 Nxd5 15. Rxd5 Qc7 16. Rd2 Qa5 17. Nd4 Nxg3 18. hxg3 Qe5 19. Qd3 Bd7 20. f4 Qf6 21. Rh5 gxf4 22. gxf4 Qg6 23. Bf3 Qxd3 24. Rxd3 Rac8 25. Ra5 a6 26. Bxb7 Rxc4 27. Rxa6 Rc1+ 28. Rd1 Rc7 29. Be4 e5 30. fxe5 Bxe5 31. Kd2 f5 32. Bd5+ Kg7 33. Rc1 Rxc1 34. Kxc1 Rc8+ 35. Kd2 1-0

[Event "Zagreb"]
[Site "?"]
[Date "1986.??.??"]
[Round "?"]
[White "Kovacevic, Vlado"]
[Black "Tringov, G."]
[Result "1-0"]
[WhiteElo "2490"]
[BlackElo "2450"]
[PlyCount "91"]
[EventDate "1986.??.??"]
[Source "ChessBase"]
[SourceDate "1986.07.01"]

1. d4 g6 2. c4 Bg7 3. Nc3 d6 4. Nf3 Nf6 5. Bg5 O-O 6. e3 c5 7. Be2 Nc6 8. d5 Na5 9. Nd2 h6 10. Bh4 a6 11. a4 e6 12. O-O exd5 13. cxd5 Qc7 14. Rc1 Bd7 15. b3 Rab8 16. Bxf6 Bxf6 17. Nce4 Bb2 18. b4 f5 19. Rb1 Ba3 20. bxa5 fxe4 21. Qc2 Qxa5 22. Nc4 Qxa4 23. Qxa4 Bxa4 24. Nxa3 b5 25. Bg4 b4 26. Nc4 Bc2 27. Rb2 b3 28. Be2 Rb4 29. f3 Bd3 30. Bxd3 exd3 31. Rc1 Rfb8 32. Kf2 Ra4 33. e4 Rbb4 34. Nd2 Ra2 35. Rxa2 bxa2 36. Ra1 c4 37. Rxa2 c3 38. Ke3 cxd2 39. Kxd2 Kf7 40. Kxd3 Ke7 41. Kc3 Rb1 42. Rxa6 Rg1 43. g3 g5 44. Kd3 Rg2 45. e5 Rxh2 46. Rxd6 1-0

[Event "BUL Team Ch"]
[Site "Sofia BUL"]
[Date "1991.??.??"]
[Round "6"]
[White "Inkiov, Ventzislav V"]
[Black "Dimitrov, Vladimir"]
[Result "1/2-1/2"]
[WhiteElo "2475"]
[BlackElo "2465"]
[PlyCount "33"]
[EventDate "1991.??.??"]
[Source "www.chesslib.no"]
[SourceDate "2004.05.04"]

1. d4 Nf6 2. c4 g6 3. Nc3 Bg7 4. Nf3 d6 5. Bg5 h6 6. Bh4 g5 7. Bg3 Nh5 8. e3 e6 9. Be2 Qe7 10. Qc2 Nd7 11. Nd2 Nxg3 12. hxg3 Nf6 13. O-O-O Bd7 14. Bf3 O-O-O 15. Qb3 c6 16. Qa3 Kb8 17. Nb3 1/2-1/2

[Event "FINEC GMB"]
[Site "St Petersburg RUS"]
[Date "2008.01.30"]
[Round "7"]
[White "Tihonov, J."]
[Black "Levin, Ev"]
[Result "0-1"]
[WhiteElo "2497"]
[BlackElo "2440"]
[PlyCount "222"]
[EventDate "2008.01.24"]
[Source "www.chesslib.no"]
[SourceDate "2004.05.04"]

1. d4 Nf6 2. c4 g6 3. Nc3 Bg7 4. Nf3 d6 5. Bg5 h6 6. Bh4 g5 7. Bg3 Nh5 8. e3 e6 9. Be2 Qe7 10. Qd3 Nc6 11. Nd2 Nxg3 12. hxg3 Bd7 13. a3 O-O-O 14. g4 Qf8 15. Nf1 Ne7 16. Ng3 Rg8 17. O-O-O Kb8 18. Kb1 Bc8 19. Bf3 c6 20. Qc2 f5 21. Nh5 Bh8 22. Ng3 Re8 23. Be2 Qf6 24. Rh2 Rgf8 25. Bd3 Ng8 26. Rhh1 Rd8 27. Be2 fxg4 28. Nce4 Qf7 29. Bxg4 d5 30. cxd5 cxd5 31. Bh5 Qh7 32. Nc3 Qxc2+ 33. Kxc2 Rxf2+ 34. Rd2 Rdf8 35. Bf3 Rxd2+ 36. Kxd2 Bd7 37. Ke2 Nf6 38. Kd3 Bg7 39. Nd1 Kc7 40. Nf2 Be8 41. Ke2 Kd6 42. Ng4 Nxg4 43. Bxg4 Bb5+ 44. Ke1 Rf7 45. Bh5 Rc7 46. Bd1 Bd3 47. Kd2 Bg6 48. Rf1 Ke7 49. Bh5 Bh7 50. Bd1 Rc8 51. Rf2 Bf6 52. Nh5 Bh8 53. Ng3 Rg8 54. Bh5 Bf6 55. Be2 g4 56. Rf1 Bh4 57. Nh5 Be4 58. g3 Bg5 59. Bd1 Bf5 60. Be2 Bf6 61. Bd3 Rg5 62. Nf4 Bxd3 63. Kxd3 Rf5 64. Rc1 Kd7 65. b4 Be7 66. Rh1 Bg5 67. a4 Kd6 68. Rc1 Bxf4 69. gxf4 h5 70. Rc8 h4 71. Rh8 h3 72. Ke2 Rf7 73. Rd8+ Ke7 74. Rh8 Rg7 75. Kf1 Kf6 76. Rh6+ Rg6 77. Rh7 a6 78. a5 Rg7 79. Rh6+ Kf5 80. Rh5+ Kg6 81. Rh4 Kf7 82. Rh6 Rg6 83. Rh7+ Kf6 84. Rh5 Ke7 85. Rh7+ Kd6 86. Kg1 Kc6 87. Kf1 b6 88. Rh5 bxa5 89. bxa5 Kb5 90. Kg1 Kc4 91. Rg5 Rh6 92. Rxg4 h2+ 93. Kh1 Rh3 94. Rg6 Rxe3 95. f5 exf5 96. Rxa6 Re2 97. Ra8 Kxd4 98. Rf8 Ra2 99. Rxf5 Rxa5 100. Kxh2 Ra7 101. Kg2 Re7 102. Kf1 Kc4 103. Rf2 d4 104. Ra2 Kb3 105. Ra8 d3 106. Kf2 Kb2 107. Rb8+ Kc2 108. Rc8+ Kd2 109. Rf8 Kd1 110. Rd8 d2 111. Rf8 Rc7 0-1

[Event "First Saturday GM - Settembre 2007"]
[Site "Budapest UNG"]
[Date "2007.09.01"]
[Round "1"]
[White "Rajlich, Iweta"]
[Black "Nguyen Ngoc, Truong Son"]
[Result "0-1"]
[WhiteElo "2406"]
[BlackElo "2530"]
[PlyCount "64"]
[EventDate "2007.09.01"]
[Source "www.chesslib.no"]
[SourceDate "2004.05.04"]

1. d4 Nf6 2. c4 d6 3. Nf3 g6 4. Nc3 Bg7 5. Bg5 Nbd7 6. e3 O-O 7. Be2 c6 8. O-O a6 9. a4 a5 10. Qc2 Re8 11. Rfd1 Qc7 12. c5 dxc5 13. Bf4 Qb6 14. Nd2 cxd4 15. exd4 Qd8 16. d5 cxd5 17. Nb5 e5 18. Nc7 exf4 19. Nxa8 Rxe2 20. Rac1 Re8 21. Nc7 Rf8 22. Nb3 Ne5 23. Qc5 f3 24. Nxd5 Nxd5 25. Qxd5 Qg5 26. g3 Qg4 27. Qb5 Be6 28. Nd4 Qh3 29. Qf1 Qxf1+ 30. Kxf1 Bc4+ 31. Kg1 Be2 32. Re1 Nd3 0-1

[Event "FIDE Candidates (Women)"]
[Site "Groningen"]
[Date "1997.12.20"]
[Round "10"]
[White "Cramling, Pia"]
[Black "Kachiani Gersinska, Ketino"]
[Result "1-0"]
[WhiteElo "2520"]
[BlackElo "2415"]
[PlyCount "83"]
[EventDate "1997.12.09"]
[Source "ChessBase"]
[SourceDate "1998.03.09"]

1. d4 Nf6 2. Nf3 g6 3. c4 Bg7 4. Nc3 d6 5. Bg5 h6 6. Bh4 g5 7. Bg3 Nh5 8. e3 e6 9. Bd3 Qe7 10. Rc1 O-O 11. Nd2 Nxg3 12. hxg3 Nd7 13. g4 c5 14. d5 Nf6 15. Nde4 Nxe4 16. Bxe4 Bd7 17. Bb1 e5 18. Qf3 Rae8 19. Be4 a6 20. a4 Qd8 21. Rh5 b5 22. axb5 axb5 23. cxb5 Qa5 24. Qh3 f5 25. gxf5 Kf7 26. Rxh6 Bxh6 27. Qxh6 Rh8 28. Qg6+ Ke7 29. Qxg5+ Kf7 30. Qg6+ Ke7 31. Qg5+ Kf7 32. Bf3 Ref8 33. Bh5+ Rxh5 34. Qxh5+ Ke7 35. Qg5+ Ke8 36. Qg6+ Ke7 37. g4 Qb4 38. Qg5+ Kf7 39. Qg6+ Ke7 40. Qg7+ Rf7 41. Qg5+ Ke8 42. Ra1 1-0

[Event "otb"]
[Site "otb"]
[Date "2007.05.20"]
[Round "7"]
[White "Dobosz Henryk"]
[Black "Schebler Gerhard"]
[Result "1/2-1/2"]
[WhiteElo "2404"]
[BlackElo "2530"]
[PlyCount "22"]
[Source "www.chesslib.no"]
[SourceDate "2004.05.04"]

1. d4 Nf6 2. Nf3 g6 3. c4 Bg7 4. Nc3 d6 5. Bg5 h6 6. Bh4 g5 7. Bg3 Nh5 8. e3 f5 9. Be2 O-O 10. Nd2 Nxg3 11. hxg3 Na6 1/2-1/2

[Event "Chigorin Mem A"]
[Site "St Petersburg RUS"]
[Date "2007.12.05"]
[Round "5"]
[White "Tihonov, J."]
[Black "Rozum, I."]
[Result "1/2-1/2"]
[WhiteElo "2522"]
[BlackElo "2411"]
[PlyCount "42"]
[EventDate "2007.12.01"]
[Source "www.chesslib.no"]
[SourceDate "2004.05.04"]

1. d4 Nf6 2. c4 g6 3. Nc3 Bg7 4. Nf3 d6 5. Bg5 O-O 6. e3 Nbd7 7. Be2 a6 8. Qc2 c6 9. O-O b5 10. a3 bxc4 11. Bxc4 c5 12. d5 h6 13. Bh4 g5 14. Bg3 Nh5 15. Nd2 f5 16. f4 Nxg3 17. hxg3 Nf6 18. Nf3 Qe8 19. fxg5 hxg5 20. Nxg5 Bh6 21. Nh3 Ng4 1/2-1/2

[Event "Ubeda op"]
[Site "Ubeda"]
[Date "1997.??.??"]
[Round "9"]
[White "Adla, Diego Gustavo"]
[Black "Zapata, Alonso"]
[Result "0-1"]
[WhiteElo "2410"]
[BlackElo "2515"]
[PlyCount "74"]
[EventDate "1997.02.??"]
[Source "ChessBase"]

1. d4 Nf6 2. c4 d6 3. Nf3 g6 4. Nc3 Bg7 5. Bg5 Nbd7 6. h3 c5 7. d5 O-O 8. e4 b5 9. cxb5 a6 10. Nd2 h6 11. Be3 Nxe4 12. Ndxe4 f5 13. Qd2 fxe4 14. Bxh6 Nf6 15. bxa6 Qb6 16. Bxg7 Kxg7 17. Be2 Bxa6 18. O-O Rfb8 19. Rab1 Qb4 20. Rfd1 Bc4 21. Bxc4 Qxc4 22. b3 Qa6 23. Qe3 Ra7 24. Rb2 Rb4 25. Re2 Qc8 26. g4 Rab7 27. Rde1 Rd4 28. Qg5 Qg8 29. f4 Qf7 30. Nxe4 Nxd5 31. f5 Nf6 32. Ng3 Rd5 33. Nh5+ Kg8 34. Nf4 e5 35. fxg6 Qe7 36. Nxd5 Nxd5 37. Qf5 Kg7 0-1

[Event "Magistral Algarve"]
[Site "Vila Real de Santo Antonio"]
[Date "1998.06.24"]
[Round "6"]
[White "Frois, Antonio"]
[Black "Damljanovic, Branko"]
[Result "0-1"]
[WhiteElo "2385"]
[BlackElo "2540"]
[PlyCount "102"]
[EventDate "1998.06.??"]
[Source "www.chesslib.no"]
[SourceDate "2004.05.04"]

1. Nf3 Nf6 2. c4 g6 3. Nc3 Bg7 4. d4 d6 5. Bg5 h6 6. Bh4 g5 7. Bg3 Nh5 8. e3 c5 9. dxc5 Nxg3 10. hxg3 dxc5 11. Qxd8+ Kxd8 12. O-O-O+ Nd7 13. Be2 b6 14. Rd2 e6 15. Ne4 Ke7 16. Nd6 g4 17. Rhd1 Rd8 18. Ne1 h5 19. Nc2 Be5 20. Nxc8+ Raxc8 21. Na3 a6 22. Nb1 f5 23. Rd3 Rc7 24. Ra3 Ra7 25. Kc2 Rh8 26. Rh1 Nf6 27. Bd3 Rd8 28. Be2 Kf7 29. Rb3 Rd6 30. Rd3 Rad7 31. Rxd6 Rxd6 32. b3 Ne4 33. Rf1 Rd8 34. Bd3 Nd6 35. Rh1 Rh8 36. Nc3 Bxc3 37. Kxc3 e5 38. a3 a5 39. a4 Kf6 40. Bc2 Ke6 41. Kd2 Ne8 42. Ke2 Nf6 43. Rd1 h4 44. gxh4 Rxh4 45. Rd8 e4 46. Rd1 Rh2 47. Kf1 g3 48. Kg1 Ng4 49. fxg3 Rh8 50. Re1 Rd8 51. Bd1 Nxe3 0-1

[Event "BUL Ch"]
[Site "Sofia BUL"]
[Date "1982.??.??"]
[Round "10"]
[White "Inkiov, Ventzislav V"]
[Black "Donchev, Dimitar I"]
[Result "1/2-1/2"]
[WhiteElo "2495"]
[BlackElo "2430"]
[PlyCount "27"]
[EventDate "1982.??.??"]
[Source "www.chesslib.no"]
[SourceDate "2004.05.04"]

1. d4 Nf6 2. c4 g6 3. Nc3 Bg7 4. Nf3 d6 5. Bg5 Nbd7 6. e3 h6 7. Bh4 g5 8. Bg3 Nh5 9. Be2 e6 10. Nd2 Nxg3 11. hxg3 Qe7 12. Qc2 a6 13. Rd1 O-O 14. b4 1/2-1/2

[Event "Budapest FS02 GM"]
[Site "Budapest"]
[Date "2002.02.03"]
[Round "2"]
[White "Szeberenyi, Adam"]
[Black "Vajda, Levente"]
[Result "0-1"]
[WhiteElo "2411"]
[BlackElo "2513"]
[PlyCount "126"]
[EventDate "2002.02.02"]
[Source "ChessBase"]
[SourceDate "2002.03.14"]

1. d4 Nf6 2. Nf3 g6 3. c4 Bg7 4. Nc3 d6 5. Bg5 h6 6. Bh4 Na6 7. e3 c6 8. Be2 O-O 9. O-O Re8 10. a3 Nc7 11. Qc2 Bd7 12. Rad1 Qc8 13. Nd2 d5 14. Nf3 Bf5 15. Qb3 Ne4 16. cxd5 Nxc3 17. bxc3 Nxd5 18. c4 Nf6 19. Bg3 Ne4 20. Be5 f6 21. Bg3 g5 22. Bd3 e5 23. dxe5 fxe5 24. c5+ Be6 25. Qc2 Nxg3 26. hxg3 Qc7 27. Nd2 Red8 28. Ne4 b6 29. Bc4 Bxc4 30. Qxc4+ Qf7 31. Qa4 b5 32. Qa6 Qc7 33. Rd6 Rxd6 34. cxd6 Qb6 35. Qxb6 axb6 36. Rc1 c5 37. Rb1 Kf7 38. Rxb5 Ra6 39. f3 Bf6 40. Rb3 Bd8 41. Kh2 Ke6 42. Kh3 h5 43. g4 h4 44. g3 hxg3 45. Kxg3 c4 46. Rb4 Rxa3 47. Rxc4 Rxe3 48. Rc8 Kd7 49. Rb8 Re2 50. Rb7+ Kc6 51. Rb8 Kd7 52. Rb7+ Kc6 53. Rg7 b5 54. Rg8 Bb6 55. Rc8+ Kd7 56. Rb8 Be3 57. Rb7+ Kc6 58. Rc7+ Kb6 59. Kh3 Bf4 60. Ng3 Rd2 61. Rg7 e4 62. d7 exf3 63. Nf1 Rd3 0-1

[Event "Olimpiadi 2008 - open"]
[Site "Dresda GER"]
[Date "2008.11.14"]
[Round "2"]
[White "Mikheev, S."]
[Black "Kozul, Z."]
[Result "0-1"]
[WhiteElo "2329"]
[BlackElo "2593"]
[PlyCount "71"]
[EventDate "2008.11.13"]
[Source "www.chesslib.no"]
[SourceDate "2004.05.04"]

1. d4 Nf6 2. c4 d6 3. Nf3 g6 4. Nc3 Bg7 5. Bg5 h6 6. Bh4 g5 7. Bg3 Nh5 8. e3 e6 9. Be2 O-O 10. Nd2 Nxg3 11. hxg3 f5 12. Qc2 g4 13. O-O c5 14. dxc5 dxc5 15. Rfd1 Qe7 16. Nf1 Nc6 17. Rd2 Bd7 18. Rad1 Be8 19. Nb5 Ne5 20. Nd6 Bc6 21. a3 a5 22. Qb3 h5 23. Nh2 Rfb8 24. Qc2 Rf8 25. f4 Nf7 26. Nf1 Nxd6 27. Rxd6 a4 28. R6d2 Ra6 29. Bd3 Rb6 30. Rb1 h4 31. Kf2 Bf6 32. gxh4 Bxh4+ 33. Ng3 Rb3 34. Rh1 e5 35. Re1 exf4 36. Rh1 0-1

[Event "1st Asean Open, Bandar Seri Begawan BRU"]
[Site "?"]
[Date "2001.??.??"]
[Round "?"]
[White "Juswanto, D."]
[Black "Myo Naing"]
[Result "1-0"]
[WhiteElo "2510"]
[BlackElo "2410"]
[PlyCount "96"]
[EventDate "2001.??.??"]
[Source "www.chesslib.no"]
[SourceDate "2004.05.04"]

1. c4 Nf6 2. Nc3 g6 3. Nf3 Bg7 4. d4 d6 5. Bg5 O-O 6. e3 c5 7. Be2 h6 8. Bh4 Bf5 9. O-O g5 10. Bg3 Ne4 11. Nxe4 Bxe4 12. Bd3 Bxd3 13. Qxd3 Nd7 14. Qf5 cxd4 15. Nxd4 e6 16. Qc2 Ne5 17. Rad1 Qb6 18. b3 a6 19. Qe2 Rad8 20. h4 g4 21. Rc1 h5 22. Rfd1 Rd7 23. Qd2 Qd8 24. Ne2 Ng6 25. e4 Qf6 26. Nf4 Nxf4 27. Bxf4 Qg6 28. Qe2 e5 29. Bg3 f5 30. exf5 Rxf5 31. Rd5 Rdf7 32. Rcd1 Bf8 33. a4 Qe6 34. Qe4 Qc8 35. R1d2 Qc6 36. a5 Qc7 37. f4 b6 38. Ra2 Qb7 39. axb6 Qxb6+ 40. c5 a5 41. Rd3 R5f6 42. Qd5 Rf5 43. Kh2 Kg7 44. Qe4 Kg8 45. Qe1 Qxc5 46. Ra4 Rxf4 47. Bxf4 Rxf4 48. Qe3 Rf5 1-0